书目信息 |
| 题名: |
中华人民共和国海关统计商品目录
|
|
| 作者: | ;国家海关总署 编 | |
| 分册: | 1996年版 | |
| 出版信息: | 北京 中国对外经济贸易出版社 1996 |
|
| 页数: | 475页 | |
| 开本: | 26cm | |
| 丛书名: | ||
| 单 册: | ||
| 中图分类: | F752.65-63 | |
| 科图分类: | 29.45072 | |
| 主题词: | 进口商品--中国--1997--目录 , 出口商品--中国--1997--目录 | |
| 电子资源: | ||
| ISBN: | ||
| 000 | 00836nam0 2200253 45 | |
| 001 | 0197026881 | |
| 005 | 20070804173602.51 | |
| 010 | @d[不详] | |
| 100 | @a19970902d1996 y0chiy0121 ea | |
| 101 | 0 | @achi |
| 102 | @aCN@b110000 | |
| 105 | @ay z 000yy | |
| 200 | 10 | @a中华人民共和国海关统计商品目录@Azhong hua ren min gong he guo hai guan tong ji shang pin mu lu@h1996年版@f中华人民共和国海关总署编 |
| 210 | @a北京@c中国对外经济贸易出版社@d1996 | |
| 215 | @a475页@d26cm | |
| 516 | 1 | @a海关统计商品目录@Ahai guan tong ji shang pin mu lu |
| 517 | 1 | @a1996年版@A1996 nian ban |
| 606 | @a进口商品@y中国@z1997@x目录 | |
| 606 | @a出口商品@y中国@z1997@x目录 | |
| 690 | @aF752.65-63@v3 | |
| 692 | @a29.45072 | |
| 711 | 02 | @a国家海关总署@Aguo jia hai guan zong shu@4编 |
| 801 | 0 | @aCN@bTSSF@c20070804 |
| 905 | @a10447@dF752.65-63@e21:1 | |
| 中华人民共和国海关统计商品目录.1996年版/中华人民共和国海关总署编.-北京:中国对外经济贸易出版社,1996 |
| 475页;26cm |
| ISBN :[不详] |
| ● |
| 相关链接 |
|
|
|
|
正题名:中华人民共和国海关统计商品目录
索取号:F752.65-63/21:1
 
预约/预借
| 序号 | 登录号 | 条形码 | 馆藏地/架位号 | 状态 | 备注 |
| 1 | 0791144 | 207911447 | 第一样本阅览室/ [索取号:F752.65-63/21:1] | 在馆 |